|
|
|
|
| LEADER |
00000nam0a2200000 4500 |
| 001 |
258834 |
| 005 |
20231101233329.0 |
| 035 |
|
|
|a (RuTPU)RU\TPU\book\281723
|
| 035 |
|
|
|a RU\TPU\book\281721
|
| 090 |
|
|
|a 258834
|
| 100 |
|
|
|a 20140429d1981 m y0rusy50 ca
|
| 101 |
0 |
|
|a rus
|
| 102 |
|
|
|a RU
|
| 105 |
|
|
|a y j 000zy
|
| 200 |
1 |
|
|a Лабораторный практикум по общей химии. Полумикрометод
|e учебное пособие для вузов
|h Ч. 1
|f Владимирский политехнический институт (ВПИ) ; под ред. А. И. Манакова
|
| 205 |
|
|
|a 2-е изд., доп. и перераб.
|
| 210 |
|
|
|a Владимир
|c Изд-во Владимирского политехнического ин-та
|d 1981
|
| 215 |
|
|
|a 48 с.
|
| 606 |
1 |
|
|a Химия общая
|2 stltpush
|3 (RuTPU)RU\TPU\subj\67862
|9 83510
|
| 610 |
1 |
|
|a лабораторные работы
|
| 610 |
1 |
|
|a полумикрометод
|
| 610 |
1 |
|
|a учебные пособия
|
| 675 |
|
|
|a 54(076.5)
|v 3
|
| 702 |
|
1 |
|a Манаков
|b А. И.
|4 340
|
| 712 |
0 |
2 |
|a Владимирский политехнический институт (ВПИ)
|c (1969-1993)
|2 stltpush
|3 (RuTPU)RU\TPU\col\319
|
| 801 |
|
1 |
|a RU
|b 63413507
|c 20130924
|
| 801 |
|
2 |
|a RU
|b 63413507
|c 20140524
|g RCR
|
| 942 |
|
|
|c BK
|